KOHA-Header-6

Leader (Record no. 9997)

000 -LEADER
fixed length control field 00244nam a2200109Ia 4500
100 ## - MAIN ENTRY--AUTHOR NAME
Personal name M. Kashif Javed
245 #0 - TITLE STATEMENT
Title Leader
260 ## - PUBLICATION, DISTRIBUTION, ETC. (IMPRINT)
Place of publication Lahore
Name of publisher Mushtaq Book
Year of publication 2001
300 ## - PHYSICAL DESCRIPTION
Number of Pages 293
942 ## - ADDED ENTRY ELEMENTS (KOHA)
Koha item type Books
Holdings
Withdrawn status Lost status Collection code Permanent Location Current Location Shelving location Date acquired Full call number Accession Number Koha item type
    Urdu Literature MAJU MAJU   2019-09-14 910.1 6069 Urdu Literature

Powered by Koha